000 00216nam a2200097Ia 4500
008 220204s9999 xx 000 0 und d
082 _a82-3
_bMAL
100 _aMalpass, Eric
245 0 _aLong long dances
942 _cBK
999 _c31516
_d31516